| 000 | 00653cab a2200229 4500 | ||
|---|---|---|---|
| 001 | ABS44183 | ||
| 008 | 090401t1991 xxu||||| |||| 00| 0 eng d | ||
| 035 | _a(Sirsi) u45691 | ||
| 041 | _aeng | ||
| 100 | _aGurdon, M. | ||
| 245 | _aGridlock | ||
| 260 | _c1991 | ||
| 350 | _a0 | ||
| 490 |
_aMunicipal Journal _vno 6 8 February 1991, 33-34(2) |
||
| 520 | _aAssesses the likely success of road pricing in reducing traffic congestion . Examines the plans put forward by Cambridgeshire CC . | ||
| 650 | _aSINGAPORE | ||
| 650 | _aSTOCKHOLM | ||
| 650 | _aTOLL ROADS | ||
| 690 | _aTRANSPORT AND COMMUNICATIONS | ||
| 942 | _n0 | ||
| 948 | _c04/03/1997 | ||
| 999 |
_c28920 _d28920 |
||